000 00562nam a2200205 a 4500
999 _c8089
_d8089
001 8089
003 BD-JhCC
005 20180218132018.0
008 180218s1987 u a|||| || | 000 0 eng d
035 _a(BD-JhCC)8089
040 _aBD-JhCC
_dBD-JhCC
041 _aeng
082 _a909.09821
_bPER 1987
245 _aSources of the Western Tradition /
_cMarvin Perry and Joseph R. Peden
260 _aBoston :
_bHoughton Milfflin Company,
_c1987.
300 _a398 p. :
_bill. ;
_c24 cm.
650 _aCivilization
_zWestern
942 _2ddc
_cBK